Egypt and the Nile : through writers' eyes /

Saved in:

Other Authors: Manley, Deborah., Abdel-Hakim, Sahar.

Format: Book

Language: English

Published: Cairo : the American University in Cairo Press, 2008.

Edition: 1st ed.

Subjects:

Tags: Add Tag

No Tags, Be the first to tag this record!

Call Number: DT54 .E481 2008

LEADER 00761nam a2200253Ia 4500
003 OSt
005 20260326111635.0
008 211223s2008 ua 000 0 eng d
020 |a 9789774161742 
020 |a 9774161742 
040 |c ARCE Library 
050 4 |a DT54 .E481 2008 
245 0 0 |a Egypt and the Nile :   |b through writers' eyes /   |c edited by Deborah Manley, Sahar Adel-Hakim. 
246 3 0 |a Through writers' eyes. 
250 |a 1st ed. 
264 1 |a Cairo :   |b the American University in Cairo Press,   |c 2008. 
300 |a xv, 227 p. ;   |c 23 cm. 
651 0 |a Egypt   |x Description and travel. 
651 0 |a Egypt   |x In literature. 
700 1 |a Manley, Deborah. 
700 1 |a Abdel-Hakim, Sahar. 
901 |a reviewed 
942 |2 lcc  |c BK 
999 |c 41151  |d 41151